书目信息 |
| 题名: |
公共关系策划
|
|
| 作者: | 胡锐 , 边一民 , 李兴国 编著 | |
| 分册: | ||
| 出版信息: | 杭州 浙江大学出版社 1997.01 |
|
| 页数: | 288页 | |
| 开本: | 20cm | |
| 丛书名: | 现代公共关系丛书 | |
| 单 册: | ||
| 中图分类: | C912.31 | |
| 科图分类: | ||
| 主题词: | 社会结构 , 社会关系 | |
| 电子资源: | ||
| ISBN: | 7-308-01852-0 | |
| 000 | 00761nam0 2200253 450 | |
| 001 | 2452610353 | |
| 005 | 20240527144235.85 | |
| 010 | @a7-308-01852-0@dCNY10.00 | |
| 100 | @a20240527d1997 km y0chiy0120 ea | |
| 101 | 0 | @achi |
| 102 | @aCN@b330000 | |
| 200 | 1 | @a公共关系策划@AGong Gong Guan Xi Ce Hua@f胡锐,边一民,李兴国编著@FHu Rui,Bian Yi Min,Li Xing Guo Bian Zhu |
| 210 | @a杭州@c浙江大学出版社@d1997.01 | |
| 215 | @a288页@d20cm | |
| 225 | 2 | @a现代公共关系丛书 |
| 410 | 0 | @12001 @a现代公共关系丛书 |
| 606 | 0 | @a社会结构 |
| 606 | 0 | @a社会关系 |
| 690 | @aC912.31@v4 | |
| 701 | 0 | @a胡锐@AHu Rui@4编著 |
| 701 | 0 | @a边一民@ABian Yi Min@4编著 |
| 701 | 0 | @a李兴国@ALi Xing Guo@4编著 |
| 801 | 0 | @aCN@b河南城建学院图书馆@c20240527 |
| 905 | @dC912.31@eH493 | |
| 公共关系策划/胡锐,边一民,李兴国编著.-杭州:浙江大学出版社,1997.01 |
| 288页;20cm.-(现代公共关系丛书) |
| ISBN 7-308-01852-0:CNY10.00 |
| ● |
| 相关链接 |
|
|
|
正题名:公共关系策划
索取号:C912.31/H493
 
预约/预借
| 序号 | 登录号 | 条形码 | 馆藏地/架位号 | 状态 | 备注 |
| 1 | 0168586 | 201685863 | 社科库509/509社科库 59排1列3层/ [索取号:C912.31/H493] | 在馆 | |
| 2 | 0168587 | 201685872 | 社科库509/509社科库 59排1列3层/ [索取号:C912.31/H493] | 在馆 | |
| 3 | 0168588 | 201685881 | 社科库509/509社科库 59排1列3层/ [索取号:C912.31/H493] | 在馆 | |
| 4 | 0168589 | 201685890 | 社科库509/509社科库 59排1列3层/ [索取号:C912.31/H493] | 在馆 |